000 00309nam a22001217a 4500
040 _cHS
082 _a338
100 _aឆាយ គង្គា
245 _aAgricultural development strategic process and structure
260 _aUnited Nation
_bឆាយ គង្គា
_cNA
300 _a491p;
942 _cEK
999 _c9712
_d9712